Songs from the First Line(s) - 1965 - Statistics

General Stats
  • This quiz has been taken 88 times
  • The average score is 16 of 30
Answer Stats
Hint Answer % Correct
Songs I can't get no satisfaction / I can't get no satisfaction / 'Cause I try and I try and I try and I try / I can't get no, I can't get no Song (I Can't Get No) Satisfaction
99%
Songs I can't get no satisfaction / I can't get no satisfaction / 'Cause I try and I try and I try and I try / I can't get no, I can't get no Artist(s) The Rolling Stones
96%
Songs Well I told you once and I told you twice / But you never listen to my advice / You don't try very hard to please me Artist(s) The Rolling Stones
96%
Songs I think I'm gonna be sad / I think it's today, yeah / The girl that's driving me mad / Is going away Artist(s) The Beatles
95%
Songs Help! I need somebody / Help! Not just anybody / Help! You know I need someone / Help! Artist(s) The Beatles
95%
Songs Help! I need somebody / Help! Not just anybody / Help! You know I need someone / Help! Song Help!
93%
Songs All the leaves are brown and the sky is gray / I've been for a walk on a winter's day / I'd be safe and warm if I was in L.A. Song California Dreamin'
85%
Songs All the leaves are brown and the sky is gray / I've been for a walk on a winter's day / I'd be safe and warm if I was in L.A. Artist(s) The Mamas And The Papas
85%
Songs What's new, Pussycat? / Whoa, whoa / What's new, Pussycat? / Whoa, whoa / Pussycat, Pussycat, I've got flowers Artist(s) Tom Jones
79%
Songs It's not unusual to be loved by anyone / It's not unusual to have fun with anyone / But when I see you hanging about with anyone Artist(s) Tom Jones
79%
Songs What's new, Pussycat? / Whoa, whoa / What's new, Pussycat? / Whoa, whoa / Pussycat, Pussycat, I've got flowers Song What's New Pussycat
79%
Songs It's not unusual to be loved by anyone / It's not unusual to have fun with anyone / But when I see you hanging about with anyone Song It's Not Unusual
77%
Songs Stop! In the name of love / Before you break my heart / Baby baby, I'm aware of where you go Song Stop! In The Name Of Love
77%
Songs Stop! In the name of love / Before you break my heart / Baby baby, I'm aware of where you go Artist(s) The Supremes
67%
Songs Uuh / Sugar pie, honey bunch / You know that I love you / I can't help myself / I love you and nobody else Song I Can't Help Myself (Sugar Pie, Honey Bunch)
60%
Songs They say we're young and we don't know / We won't find out until we're grown / Well I don't know if all that's true Artist(s) Sonny & Cher
51%
Songs I think I'm gonna be sad / I think it's today, yeah / The girl that's driving me mad / Is going away Song Ticket To Ride
49%
Songs They say we're young and we don't know / We won't find out until we're grown / Well I don't know if all that's true Song I Got You Babe
48%
Songs Uuh / Sugar pie, honey bunch / You know that I love you / I can't help myself / I love you and nobody else Artist(s) Four Tops
47%
Songs You keep saying you've got something for me / Something you call love, but confess Artist(s) Nancy Sinatra
37%
Songs Uno, dos / One, two, tres, quatro / Matty told Hatty about a thing she saw / Had two big horns and a wooly jaw Song Wooly Bully
37%
Songs Uno, dos / One, two, tres, quatro / Matty told Hatty about a thing she saw / Had two big horns and a wooly jaw Artist(s) Sam The Sham And The Pharaohs
31%
Songs You keep saying you've got something for me / Something you call love, but confess Song These Boots Are Made For Walkin'
31%
Songs Well I told you once and I told you twice / But you never listen to my advice / You don't try very hard to please me Song The Last Time
16%
Songs Sick at heart and lonely, / Deep in dark despair. / Thinking one thought only / Where is she tell me where. Artist(s) The Yardbirds
7%
Songs Sick at heart and lonely, / Deep in dark despair. / Thinking one thought only / Where is she tell me where. Song Heart Full Of Soul
5%
Songs Close the doors, light the lights. / We're stayin' home tonight, / Far away from the bustle and the bright city lights. Artist(s) The Seekers
5%
Songs Close the doors, light the lights. / We're stayin' home tonight, / Far away from the bustle and the bright city lights. Song A World Of Our Own
3%
Songs There's a lot of things I want / A lot of things that I'd like to be / But girl I don't forsee a rags to riches story for me Artist(s) The Righteous Brothers
3%
Songs There's a lot of things I want / A lot of things that I'd like to be / But girl I don't forsee a rags to riches story for me Song Just Once In My Life
1%
No matching quizzes found
Score Distribution
Percent of People with Each Score
Percentile by Number Answered
Your Score History
You have not taken this quiz